[Event "25th Hoogeveen op"]
[Site "Hoogeveen NED"]
[Date "2022.10.15"]
[Round "1.33"]
[White "Van der Hagen, Loek"]
[Black "Van Heeren, Arie"]
[Result "1-0"]
[WhiteElo "2079"]
[BlackElo "1755"]
[EventDate "2022.10.15"]
[PlyCount "55"]

1.e4 e5 2.Nf3 Nc6 3.Bc4 Be7 4.O-O Nf6 5.Re1 O-O 6.c3 d6 7.d3 Na5 8.Bb5 a6 
9.Ba4 b5 10.Bc2 c5 11.Nbd2 Qc7 12.Nf1 Be6 13.Ng3 Rac8 14.h3 h6 15.Nh4 Nxe4
16.Rxe4 f5 17.Nhxf5 Bxf5 18.Nxf5 Rxf5 19.d4 cxd4 20.Rg4 Rf6 21.Qd3 Kf7 22.
Qh7 Rf8 23.Rxg7+ Ke8 24.Bxh6 Rxf2 25.Bg6+ Kd8 26.cxd4 Qb7 27.Be4 d5 28.Bg5
1-0

[Event "25th Hoogeveen op"]
[Site "Hoogeveen NED"]
[Date "2022.10.15"]
[Round "1.34"]
[White "Kazarjan, Gachatur"]
[Black "Weihrauch, Jakob"]
[Result "0-1"]
[WhiteElo "1746"]
[BlackElo "2075"]
[EventDate "2022.10.15"]
[PlyCount "62"]

1.e4 c5 2.Nf3 d6 3.d4 cxd4 4.Nxd4 Nf6 5.Nc3 a6 6.f3 e5 7.Nb3 Be7 8.Be3 Be6
9.Qd2 h5 10.O-O-O Nbd7 11.g3 Rc8 12.Kb1 b5 13.a4 bxa4 14.Nxa4 Qc7 15.Bxa6 
Ra8 16.Bb5 O-O 17.Qc3 Qb7 18.Qd3 Rfb8 19.Nc3 Nc5 20.Bxc5 dxc5 21.Bc4 Qb4 
22.Nd5 Bxd5 23.exd5 Ra4 24.d6 Bd8 25.d7 Qxc4 26.Qd6 Rba8 27.Qxe5 Qe6 28.
Qxc5 Nxd7 29.Qb5 Nf8 30.Rxd8 Ra1+ 31.Nxa1 Qa2+ 0-1

[Event "25th Hoogeveen op"]
[Site "Hoogeveen NED"]
[Date "2022.10.15"]
[Round "1.35"]
[White "Fuhrmann, Bahne"]
[Black "Mader, Fabian"]
[Result "1/2-1/2"]
[WhiteElo "2063"]
[BlackElo "1735"]
[EventDate "2022.10.15"]
[PlyCount "92"]

1.d4 Nf6 2.c4 g6 3.Nc3 d5 4.Nf3 Bg7 5.h4 O-O 6.cxd5 Nxd5 7.h5 Nxc3 8.bxc3 
c5 9.hxg6 hxg6 10.Bh6 Bxh6 11.Rxh6 Kg7 12.Qd2 Nc6 13.Rh4 Rh8 14.Rxh8 Qxh8 
15.e4 Bg4 16.Rb1 Bxf3 17.gxf3 cxd4 18.cxd4 Kf8 19.d5 Ne5 20.Qc3 Qf6 21.Be2
b6 22.Rc1 Kg7 23.Qe3 Rh8 24.f4 Nd7 25.Kd2 Rh4 26.Rc6 Qb2+ 27.Rc2 Qf6 28.
Rc6 Qb2+ 29.Rc2 Qf6 30.Qc3 Rxf4 31.Qxf6+ Kxf6 32.Rc7 Nc5 33.f3 g5 34.Ke3 
Rh4 35.Rxa7 Rh1 36.Kd4 Re1 37.e5+ Kg6 38.Bc4 g4 39.fxg4 Re4+ 40.Kc3 Rxe5 
41.Rc7 Kg5 42.Rc6 Kxg4 43.Kb4 Nd7 44.d6 exd6 45.Rxd6 Re7 46.Bb5 Ne5 
1/2-1/2

[Event "25th Hoogeveen op"]
[Site "Hoogeveen NED"]
[Date "2022.10.15"]
[Round "1.36"]
[White "Warnk, Torsten"]
[Black "Labruyere, Roger"]
[Result "0-1"]
[WhiteElo "1709"]
[BlackElo "2063"]
[EventDate "2022.10.15"]
[PlyCount "74"]

1.d4 Nf6 2.Nf3 d5 3.Bf4 c5 4.e3 Qb6 5.b3 Nc6 6.Be2 Bg4 7.c3 cxd4 8.cxd4 
Ne4 9.O-O e6 10.Nfd2 Bxe2 11.Qxe2 Nxd2 12.Qxd2 Bb4 13.Qd3 O-O 14.a3 Qa5 
15.Rc1 Rac8 16.Nc3 Bxc3 17.Qxc3 Qa6 18.b4 b6 19.Qb2 Qa4 20.Rc3 Ne7 21.Rxc8
Rxc8 22.Rc1 Rc4 23.h3 Qc6 24.Rb1 b5 25.Kh2 Nc8 26.Qa2 Nb6 27.Rb2 Na4 28.
Rd2 h6 29.f3 Rc3 30.e4 dxe4 31.d5 exd5 32.Rxd5 Rc4 33.fxe4 Nc3 34.Rd8+ Kh7
35.Qb3 Qf6 36.Bd2 Qxd8 37.Bxc3 Qc7+ 0-1

[Event "25th Hoogeveen op"]
[Site "Hoogeveen NED"]
[Date "2022.10.15"]
[Round "1.37"]
[White "Markus, John Raymond"]
[Black "Winkel, Ruud"]
[Result "1-0"]
[WhiteElo "2059"]
[BlackElo "1663"]
[EventDate "2022.10.15"]
[PlyCount "85"]

1.d4 d5 2.Nf3 c6 3.e3 Bg4 4.h3 Bh5 5.g4 Bg6 6.Ne5 e6 7.Nd2 Nd7 8.Nxg6 hxg6
9.Bg2 Bd6 10.O-O Nh6 11.c4 Qc7 12.f4 O-O-O 13.c5 Be7 14.b4 g5 15.Nb3 f5 
16.Bd2 gxf4 17.exf4 Rdf8 18.g5 Nf7 19.Qe2 e5 20.g6 e4 21.gxf7 Rxf7 22.a4 
Nf6 23.b5 Nh5 24.b6 axb6 25.cxb6 Qb8 26.a5 Ng3 27.Qe3 Nxf1 28.Bxf1 g5 29.
a6 gxf4 30.axb7+ Kd7 31.Qc3 Rg7+ 32.Kh1 Rhg8 33.Bb5 cxb5 34.Na5 Rg6 35.Qb3
Ke6 36.Qxb5 Rg1+ 37.Rxg1 Rxg1+ 38.Kxg1 Qg8+ 39.Kh1 f3 40.Qc6+ Bd6 41.Qc8+ 
Kf7 42.Qxf5+ Ke8 43.Bg5 1-0

[Event "25th Hoogeveen op"]
[Site "Hoogeveen NED"]
[Date "2022.10.15"]
[Round "1.38"]
[White "Goudriaan, Rafael"]
[Black "Ismail, Tamer"]
[Result "0-1"]
[WhiteElo "1654"]
[BlackElo "2018"]
[EventDate "2022.10.15"]
[PlyCount "78"]

1.d4 Nf6 2.Bg5 d5 3.Nd2 Nbd7 4.e3 e5 5.dxe5 Nxe5 6.Ngf3 Bd6 7.Be2 Ng6 8.
Nh4 O-O 9.Nxg6 hxg6 10.Nf3 c6 11.O-O Qc7 12.Bxf6 gxf6 13.c4 Be6 14.Qc2 Kg7
15.cxd5 Bxd5 16.e4 Be6 17.g3 Rad8 18.Nd4 Bh3 19.Rfd1 Qb6 20.Nb3 Rfe8 21.
Bf3 Be5 22.Rab1 Be6 23.Nc1 f5 24.Rxd8 Rxd8 25.Nd3 Bd4 26.b3 g5 27.Rd1 fxe4
28.Bxe4 Bg4 29.Re1 c5 30.Bg2 Bf5 31.Be4 Be6 32.Qe2 Rh8 33.Kh1 c4 34.bxc4 
Bxc4 35.f4 Re8 36.Qf3 Bxd3 37.Qxd3 f5 38.Rd1 Rxe4 39.Rb1 Qc6 0-1

[Event "25th Hoogeveen op"]
[Site "Hoogeveen NED"]
[Date "2022.10.15"]
[Round "1.40"]
[White "Van den Dool, Gerrit"]
[Black "Klaren, Oscar"]
[Result "0-1"]
[WhiteElo "1570"]
[BlackElo "2003"]
[EventDate "2022.10.15"]
[PlyCount "48"]

1.d4 Nf6 2.Bf4 d5 3.e3 e6 4.Nf3 c5 5.c3 Nc6 6.Nbd2 cxd4 7.exd4 Nh5 8.Be3 
Bd6 9.Bd3 Nf4 10.Bb1 Nxg2+ 11.Kf1 Nxe3+ 12.fxe3 e5 13.dxe5 Bh3+ 14.Kf2 
Nxe5 15.Rg1 Ng4+ 16.Ke2 O-O 17.Qa4 h5 18.Qd4 Re8 19.e4 Bf4 20.Bd3 Be3 21.
Qa4 Bxg1 22.Rxg1 Qb6 23.Nd4 dxe4 24.Bc2 Qf6 0-1

[Event "25th Hoogeveen op"]
[Site "Hoogeveen NED"]
[Date "2022.10.15"]
[Round "1.41"]
[White "Van Houwelingen, Leo"]
[Black "Borggreve, Martin"]
[Result "1-0"]
[WhiteElo "2003"]
[BlackElo "1534"]
[EventDate "2022.10.15"]
[PlyCount "47"]

1.e4 d6 2.d4 f5 3.exf5 Bxf5 4.Bd3 Bxd3 5.Qxd3 Nf6 6.Nf3 c6 7.O-O Nbd7 8.
Ng5 e5 9.Qb3 Nd5 10.Qxb7 Qc8 11.Qb3 Be7 12.c4 Bxg5 13.Bxg5 N5f6 14.c5 Nd5 
15.Qf3 N7f6 16.cxd6 Qe6 17.dxe5 O-O-O 18.exf6 Rhf8 19.Nc3 Rxd6 20.Rfe1 Qf7
21.Nxd5 Qxd5 22.Qg4+ Kb7 23.Re7+ Kb6 24.Qb4+ 1-0

[Event "25th Hoogeveen op"]
[Site "Hoogeveen NED"]
[Date "2022.10.15"]
[Round "1.42"]
[White "Tabak, Wesley"]
[Black "Mensing, Adrian"]
[Result "0-1"]
[WhiteElo "1506"]
[BlackElo "2000"]
[EventDate "2022.10.15"]
[PlyCount "46"]

1.e4 c5 2.Nf3 d6 3.d4 cxd4 4.Nxd4 Nf6 5.Nc3 a6 6.Bd3 e5 7.Nde2 Be7 8.O-O 
O-O 9.Nd5 Nxd5 10.exd5 f5 11.a4 Nd7 12.c4 Nf6 13.f3 Qb6+ 14.Kh1 e4 15.Bc2 
exf3 16.Rxf3 Ng4 17.Qe1 Ne5 18.Rf4 Bd7 19.b3 Rae8 20.Qf2 Qxf2 21.Rxf2 Ng4 
22.Rf3 Bf6 23.Nc3 Re1+ 0-1

[Event "25th Hoogeveen op"]
[Site "Hoogeveen NED"]
[Date "2022.10.15"]
[Round "1.43"]
[White "Hoffman, Ron"]
[Black "Van de Mheen, Steven"]
[Result "1-0"]
[WhiteElo "1988"]
[BlackElo "1473"]
[EventDate "2022.10.15"]
[PlyCount "61"]

1.d4 d5 2.Bf4 Bf5 3.e3 e6 4.c4 c6 5.Qb3 Qb6 6.Nc3 Nd7 7.Nf3 Ngf6 8.c5 Qxb3
9.axb3 Nh5 10.Bc7 Be7 11.h3 Nhf6 12.b4 O-O 13.Be2 Rfc8 14.Bh2 Bd8 15.b5 
Bc7 16.bxc6 bxc6 17.Ba6 Bxh2 18.Bxc8 Bc7 19.Bb7 Rb8 20.Rxa7 Ne8 21.Bxc6 
Ndf6 22.O-O Rxb2 23.Ra8 Kf8 24.Ne5 Rb8 25.Rfa1 g5 26.Rxb8 Bxb8 27.Ra8 Bc7 
28.Nb5 Ke7 29.Bxe8 Nxe8 30.Rxe8+ Kxe8 31.Nxc7+ 1-0

[Event "25th Hoogeveen op"]
[Site "Hoogeveen NED"]
[Date "2022.10.15"]
[Round "1.44"]
[White "Rellum, Theo"]
[Black "Boeren, Jurriaan"]
[Result "0-1"]
[WhiteElo "1456"]
[BlackElo "1987"]
[EventDate "2022.10.15"]
[PlyCount "86"]

1.d4 d5 2.Nf3 Nf6 3.Nc3 e6 4.e3 c5 5.Bb5+ Bd7 6.Bxd7+ Nbxd7 7.O-O a6 8.Re1
Qb6 9.a3 Bd6 10.Rb1 O-O 11.Na4 Qc7 12.dxc5 Bxc5 13.Nxc5 Nxc5 14.b4 Na4 15.
Bb2 Ne4 16.Be5 Qd7 17.Rb3 f6 18.Ba1 Rac8 19.Qd3 Rc7 20.Nd2 Nxd2 21.Qxd2 
Rfc8 22.c3 Nb6 23.Qd4 Nc4 24.e4 dxe4 25.Qxe4 Nd2 26.Qc2 Nxb3 27.Qxb3 Qd5 
28.Qxd5 exd5 29.Rd1 Rd7 30.Rd3 Re8 31.Re3 Rxe3 32.fxe3 Kf7 33.Kf2 Ke6 34.
Ke2 Rc7 35.Kd3 Rc4 36.h3 Kf5 37.Bb2 Kg5 38.g3 h5 39.Bc1 Kf5 40.Bd2 Ke5 41.
Be1 Kd6 42.Bf2 Kc6 43.Bg1 Kb5 0-1

[Event "25th Hoogeveen op"]
[Site "Hoogeveen NED"]
[Date "2022.10.15"]
[Round "1.45"]
[White "Reulink, Fred"]
[Black "Bellamy, Linda"]
[Result "1-0"]
[WhiteElo "1983"]
[BlackElo "1401"]
[EventDate "2022.10.15"]
[PlyCount "73"]

1.c4 e5 2.g3 Nf6 3.Bg2 Bc5 4.Nc3 d6 5.e3 O-O 6.Nge2 c6 7.d4 exd4 8.exd4 
Bb6 9.O-O Na6 10.a3 Nc7 11.Bg5 h6 12.Bf4 Ne6 13.Be3 Ng4 14.Bc1 f5 15.d5 
cxd5 16.Nxd5 Ne5 17.b3 a6 18.Bb2 Ba7 19.Qc2 Nc5 20.Rad1 Nc6 21.Nef4 Re8 
22.Nh5 Ne5 23.Kh1 Qg5 24.Nhf4 Bb8 25.b4 Ncd7 26.Ne3 g6 27.h4 Qf6 28.Nfd5 
Qf8 29.h5 Kh7 30.hxg6+ Kxg6 31.Nxf5 Kf7 32.Nf4 Ra7 33.Bd5+ Kf6 34.Nh5+ Kg5
35.Nhg7 Ng4 36.f4+ Kg6 37.Ne7# 1-0

[Event "25th Hoogeveen op"]
[Site "Hoogeveen NED"]
[Date "2022.10.15"]
[Round "1.46"]
[White "Munkhbat, Munkh-Orgil"]
[Black "Hari, Charan Sai Kalluri"]
[Result "0-1"]
[WhiteElo "1317"]
[BlackElo "1981"]
[EventDate "2022.10.15"]
[PlyCount "44"]

1.d4 d5 2.f4 e6 3.e3 c5 4.c3 Nc6 5.Nf3 Bd6 6.Bd3 Bd7 7.O-O Qc7 8.Ne5 g6 9.
Qe1 f6 10.Nxc6 Bxc6 11.Qh4 Qg7 12.Na3 a6 13.Nc2 O-O-O 14.dxc5 Bxc5 15.b4 
Bd6 16.Nd4 Bd7 17.c4 e5 18.Nb3 g5 19.Qe1 dxc4 20.Bxc4 gxf4 21.Qc3 Bc6 22.
Bxa6 Qxg2# 0-1

[Event "25th Hoogeveen op"]
[Site "Hoogeveen NED"]
[Date "2022.10.15"]
[Round "1.47"]
[White "Mol, Christiaan"]
[Black "Tawfiq, Abdul Karim"]
[Result "1-0"]
[WhiteElo "1961"]
[BlackElo "1777"]
[EventDate "2022.10.15"]
[PlyCount "69"]

1.d4 d5 2.c4 e6 3.Nf3 Nf6 4.Nc3 c5 5.cxd5 Nxd5 6.e4 Nb6 7.Bb5+ Bd7 8.O-O 
a6 9.Be2 cxd4 10.Nxd4 Nc6 11.Be3 Rc8 12.Nxc6 Rxc6 13.Qd2 Nc4 14.Bxc4 Rxc4 
15.Rfd1 Qc8 16.Qe2 Bb4 17.Qg4 Rg8 18.Qh5 h6 19.Rac1 Bxc3 20.bxc3 Rxe4 21.
Bb6 Qc6 22.Qf3 Rc4 23.Qd3 Ke7 24.Ba5 b5 25.Bb4+ Ke8 26.Qh7 Rf8 27.Qxg7 
Rxb4 28.cxb4 Qb7 29.Rc3 Ke7 30.Qe5 Rg8 31.g3 Rg5 32.Qd6+ Ke8 33.Rc7 Qd5 
34.Rxd5 Rxd5 35.Rxd7 1-0

[Event "25th Hoogeveen op"]
[Site "Hoogeveen NED"]
[Date "2022.10.15"]
[Round "1.48"]
[White "Bommel, Peter"]
[Black "Goeke, Bernd"]
[Result "1/2-1/2"]
[WhiteElo "1550"]
[BlackElo "1957"]
[EventDate "2022.10.15"]
[PlyCount "62"]

1.d4 d5 2.c4 e6 3.Nc3 Nf6 4.cxd5 exd5 5.Bg5 Be7 6.Qc2 c6 7.e3 Nbd7 8.Bd3 
O-O 9.Nge2 Re8 10.h3 h6 11.Bh4 Ne4 12.Bxe7 Qxe7 13.Nxe4 dxe4 14.Bc4 Nb6 
15.Bb3 Kh8 16.O-O-O f5 17.Nf4 Kh7 18.h4 g6 19.Kb1 Bd7 20.h5 g5 21.Ng6 Qf6 
22.Ne5 Be6 23.f3 Bxb3 24.Qxb3 exf3 25.gxf3 Qe6 26.Qd3 Nd5 27.a3 Rad8 28.e4
Nf4 29.Qc2 fxe4 30.fxe4 Kg7 31.Rh2 Rd6 1/2-1/2

[Event "25th Hoogeveen op"]
[Site "Hoogeveen NED"]
[Date "2022.10.15"]
[Round "1.49"]
[White "Bollaart, Jeroen"]
[Black "Brouwer, Tim"]
[Result "0-1"]
[WhiteElo "1937"]
[BlackElo "1443"]
[EventDate "2022.10.15"]
[PlyCount "56"]

1.e4 e5 2.f4 exf4 3.Nf3 Nf6 4.e5 Nh5 5.Be2 Nc6 6.O-O g5 7.Nxg5 Bc5+ 8.Kh1 
Ng3+ 9.hxg3 Qxg5 10.Rxf4 Qxg3 11.d4 Bxd4 12.Nc3 Rg8 13.Bf3 Bxe5 14.Ne4 Qg6
15.Rh4 d6 16.c3 Be6 17.Ng5 O-O-O 18.Qa4 Bf6 19.Nxe6 fxe6 20.Rh3 d5 21.Bf4 
e5 22.Rg3 Qf7 23.Rxg8 Rxg8 24.Be3 e4 25.Be2 Qg7 26.Bf1 Qg3 27.Qd1 Qh4+ 28.
Kg1 Be5 0-1

[Event "25th Hoogeveen op"]
[Site "Hoogeveen NED"]
[Date "2022.10.15"]
[Round "1.50"]
[White "Dokter, Lars"]
[Black "Sevcikova, Lucia"]
[Result "0-1"]
[WhiteElo "1150"]
[BlackElo "1931"]
[EventDate "2022.10.15"]
[PlyCount "46"]

1.e4 Nf6 2.Nc3 d5 3.exd5 Nxd5 4.Nxd5 Qxd5 5.Nf3 e5 6.d3 Nc6 7.c4 Qd6 8.Be2
Bf5 9.O-O O-O-O 10.Be3 Bxd3 11.Bxd3 Qxd3 12.Qxd3 Rxd3 13.Rad1 Rxd1 14.Rxd1
Be7 15.g3 f6 16.Nd2 Rd8 17.f4 e4 18.a3 a5 19.Rc1 f5 20.Nb3 Rd3 21.Rc3 Rxc3
22.bxc3 Bxa3 23.Nc5 a4 0-1

[Event "25th Hoogeveen op"]
[Site "Hoogeveen NED"]
[Date "2022.10.16"]
[Round "2.1"]
[White "Slagboom, Leandro"]
[Black "Hovhannisyan, Robert"]
[Result "1/2-1/2"]
[WhiteElo "2117"]
[BlackElo "2601"]
[EventDate "2022.10.15"]
[PlyCount "104"]

1.e4 c6 2.d4 d5 3.f3 e6 4.Nc3 Qb6 5.a3 Nd7 6.Be3 Be7 7.Be2 a5 8.Nh3 a4 9.
Qd2 Qxb2 10.O-O Qb6 11.Qe1 Ngf6 12.Qf2 Qa5 13.Bd2 dxe4 14.fxe4 e5 15.Bc4 
Qa7 16.Be3 exd4 17.Bxd4 Qxd4 18.Qxd4 Bc5 19.Qxc5 Nxc5 20.e5 Ng4 21.Bxf7+ 
Ke7 22.Rae1 Be6 23.Ng5 Rhf8 24.Bxe6 Nxe6 25.Rxf8 Rxf8 26.Nxe6 Kxe6 27.Nxa4
Ra8 28.Nc5+ Kd5 29.Nd3 Re8 30.e6 Nf6 31.Kf2 Kd6 32.c4 b6 33.Rb1 Rxe6 34.
Rxb6 Ng4+ 35.Kg3 Ne3 36.c5+ Kc7 37.Nb4 Rf6 38.Ra6 Nf1+ 39.Kh4 Rg6 40.Ra7+ 
Kd8 41.Rf7 Ne3 42.g3 Nc4 43.Rf3 Ne5 44.Rf5 Rh6+ 45.Kg5 Nc4 46.Rf7 Rg6+ 47.
Kf4 Nxa3 48.h4 Ke8 49.Rc7 Rf6+ 50.Ke4 Rg6 51.Kf4 Rf6+ 52.Ke4 Rg6 1/2-1/2

[Event "25th Hoogeveen op"]
[Site "Hoogeveen NED"]
[Date "2022.10.16"]
[Round "2.2"]
[White "Romanov, Evgeny"]
[Black "Arabi, Osama"]
[Result "1/2-1/2"]
[WhiteElo "2593"]
[BlackElo "2117"]
[EventDate "2022.10.15"]
[PlyCount "90"]

1.e4 c5 2.Nf3 Nc6 3.Bb5 e6 4.O-O Nge7 5.d4 cxd4 6.Nxd4 a6 7.Nxc6 Nxc6 8.
Bxc6 dxc6 9.Qxd8+ Kxd8 10.Rd1+ Ke8 11.Bf4 b5 12.Nd2 c5 13.a4 b4 14.Nc4 Bb7
15.f3 Be7 16.Na5 Bc8 17.Nc6 Bb7 18.Nxe7 Kxe7 19.Bd6+ Kf6 20.Bxc5 Rhc8 21.
Bxb4 Rxc2 22.Bc3+ Ke7 23.Rd4 Rc8 24.Rad1 Ke8 25.Rb4 Rc7 26.Bxg7 f5 27.Be5 
Rf7 28.Rbd4 Bc6 29.Rd8+ Ke7 30.Bg3 Rg7 31.exf5 exf5 32.Rb8 f4 33.Bh4+ Ke6 
34.Re1+ Kd6 35.Bf2 Bxf3 36.g3 fxg3 37.hxg3 Kc7 38.Rb3 Bc6 39.a5 Rf7 40.Rf1
Kd7 41.Rb6 Rf6 42.Rxa6 Rxb2 43.Ra7+ Bb7 44.a6 Rxa6 45.Rxa6 Rb4 1/2-1/2

[Event "25th Hoogeveen op"]
[Site "Hoogeveen NED"]
[Date "2022.10.16"]
[Round "2.3"]
[White "Dehn, Marcus"]
[Black "Moroni, Luca jr"]
[Result "0-1"]
[WhiteElo "2098"]
[BlackElo "2573"]
[EventDate "2022.10.15"]
[PlyCount "94"]

1.d4 g6 2.g3 Bg7 3.Bg2 d6 4.Nf3 Bd7 5.O-O Qc8 6.Re1 Nc6 7.c4 Bh3 8.Bh1 h5 
9.d5 Ne5 10.Nxe5 Bxe5 11.f4 Bg7 12.e4 h4 13.Bf3 hxg3 14.hxg3 Nh6 15.Nc3 
Bg4 16.Kg2 Bxf3+ 17.Qxf3 Ng4 18.Rh1 Rxh1 19.Kxh1 Bxc3 20.bxc3 f5 21.Kg2 
Qd7 22.a4 O-O-O 23.Be3 Rh8 24.Bg1 e6 25.Kf1 Rh2 26.Ke1 Rb2 27.Kd1 Nf6 28.
exf5 exf5 29.Kc1 Rb3 30.Bd4 Ne4 31.Qd1 Rxc3+ 32.Bxc3 Nxc3 33.Qc2 Ne4 34.
Ra3 Qg7 35.Qd3 Qh8 36.Kb1 a5 37.Ka2 Qh2+ 38.Ka1 b6 39.Ra2 Qg1+ 40.Qb1 
Qxb1+ 41.Kxb1 Nc3+ 42.Kb2 Nxa2 43.Kxa2 Kb7 44.Kb3 c6 45.Kc3 cxd5 46.cxd5 
Ka6 47.Kc4 b5+ 0-1

[Event "25th Hoogeveen op"]
[Site "Hoogeveen NED"]
[Date "2022.10.16"]
[Round "2.4"]
[White "Ernst, Sipke"]
[Black "Kotyk, Michael"]
[Result "1-0"]
[WhiteElo "2532"]
[BlackElo "2105"]
[EventDate "2022.10.15"]
[PlyCount "81"]

1.e4 e5 2.Nf3 Nc6 3.Bc4 Bc5 4.d3 Nf6 5.Bg5 h6 6.Bh4 d6 7.c3 a6 8.O-O Ba7 
9.a4 g5 10.Bg3 O-O 11.Nbd2 Bg4 12.h3 Bd7 13.Re1 Nh5 14.Nf1 Nf4 15.d4 Kh7 
16.Ne3 f6 17.b4 b5 18.axb5 axb5 19.Bxb5 Nxd4 20.Nxd4 exd4 21.Bxd7 dxe3 22.
Bf5+ Kg7 23.fxe3 Ng6 24.Kh2 Bb6 25.Rxa8 Qxa8 26.Qd3 Ne7 27.Be6 Re8 28.c4 
Nc6 29.Bd7 Nxb4 30.Qc3 Re7 31.Rf1 Qf8 32.e5 dxe5 33.Bf5 Bc5 34.Be4 Re6 35.
Qd2 Qd6 36.Qf2 Nc6 37.Qf5 Ne7 38.Qh7+ Kf8 39.Qxh6+ Ke8 40.Qh5+ Kf8 41.Rd1 
1-0

[Event "25th Hoogeveen op"]
[Site "Hoogeveen NED"]
[Date "2022.10.16"]
[Round "2.5"]
[White "Weihrauch, Jakob"]
[Black "Beerdsen, Thomas"]
[Result "1-0"]
[WhiteElo "2075"]
[BlackElo "2521"]
[EventDate "2022.10.15"]
[PlyCount "77"]

1.e4 c5 2.Nf3 d6 3.d4 cxd4 4.Nxd4 Nf6 5.Nc3 Nc6 6.Bg5 e6 7.Qd3 Be7 8.f4 h6
9.Bxf6 Bxf6 10.Ndb5 O-O 11.O-O-O Qa5 12.Nxd6 Nb4 13.Qc4 Bxc3 14.bxc3 Na6 
15.e5 Rb8 16.Bd3 Bd7 17.Qe4 g6 18.Qd4 Nc5 19.h4 Rbc8 20.Nxc8 Rxc8 21.h5 
Qa3+ 22.Kd2 Qxa2 23.Rb1 Ba4 24.hxg6 fxg6 25.Rb4 a5 26.Rb6 Be8 27.Rxh6 a4 
28.f5 Nxd3 29.Qxd3 Rc5 30.Rd6 Rxe5 31.Rd8 exf5 32.Rxg6+ Kf7 33.Rdd6 Ke7 
34.Rg7+ Kf8 35.Rxb7 Bf7 36.Rb8+ Ke7 37.Rd7+ Kf6 38.Rf8 Re7 39.Qd4+ 1-0

[Event "25th Hoogeveen op"]
[Site "Hoogeveen NED"]
[Date "2022.10.16"]
[Round "2.6"]
[White "Bharath, Subramaniyam H"]
[Black "Asatryan, Sona"]
[Result "1-0"]
[WhiteElo "2495"]
[BlackElo "2088"]
[EventDate "2022.10.15"]
[PlyCount "81"]

1.d4 Nf6 2.c4 e6 3.Nc3 Bb4 4.e3 O-O 5.Bd2 d5 6.Nf3 Re8 7.Qc2 Bf8 8.Rd1 
Nbd7 9.Bd3 dxc4 10.Bxc4 c5 11.O-O a6 12.a4 Qc7 13.Ne2 b6 14.Bd3 Bd6 15.Rc1
Bb7 16.e4 c4 17.Qb1 b5 18.e5 Bxf3 19.gxf3 Qb7 20.Be4 Nxe4 21.Qxe4 Qxe4 22.
fxe4 Be7 23.f4 f6 24.Nc3 Rab8 25.Be3 b4 26.Ne2 Rec8 27.a5 Rb5 28.f5 fxe5 
29.fxe6 Nf6 30.d5 Nxe4 31.Rf7 Bc5 32.Bxc5 Rbxc5 33.Rb7 c3 34.Rxb4 Ng5 35.
Rxc3 Kf8 36.Rb7 Ne4 37.Rf3+ Kg8 38.Nc3 Ng5 39.Rg3 h6 40.h4 Rxa5 41.hxg5 
1-0

[Event "25th Hoogeveen op"]
[Site "Hoogeveen NED"]
[Date "2022.10.16"]
[Round "2.7"]
[White "Labruyere, Roger"]
[Black "Zwirs, Nico"]
[Result "1/2-1/2"]
[WhiteElo "2063"]
[BlackElo "2481"]
[EventDate "2022.10.15"]
[PlyCount "97"]

1.e4 c5 2.Nf3 d6 3.Bb5+ Bd7 4.Bxd7+ Nxd7 5.O-O e6 6.Qe2 Be7 7.Nc3 Ngf6 8.
a4 O-O 9.Rd1 a6 10.d4 cxd4 11.Nxd4 Rc8 12.Nb3 Qc7 13.f4 Rfe8 14.Be3 Nb6 
15.Nd2 d5 16.a5 Nc4 17.Nxc4 Qxc4 18.Qxc4 Rxc4 19.exd5 Nxd5 20.Nxd5 exd5 
21.c3 Bf6 22.Kf2 Rce4 23.Rd3 h6 24.Rad1 g5 25.fxg5 hxg5 26.Re1 R8e5 27.
Rdd1 Rf5+ 28.Kg1 Bd8 29.Bb6 Bxb6+ 30.axb6 Rxe1+ 31.Rxe1 Kf8 32.b4 Rf6 33.
Rd1 Rd6 34.Kf2 Ke7 35.Ke3 Re6+ 36.Kd4 Kd6 37.Rf1 Re4+ 38.Kd3 Ke6 39.Rf3 
Rh4 40.Re3+ Kd6 41.h3 Rf4 42.Rg3 f6 43.Rf3 Rxf3+ 44.gxf3 f5 45.f4 g4 46.
hxg4 fxg4 47.Ke3 Ke6 48.Kf2 Kf6 49.Kg2 1/2-1/2

[Event "25th Hoogeveen op"]
[Site "Hoogeveen NED"]
[Date "2022.10.16"]
[Round "2.8"]
[White "Fernandez, Daniel Howard"]
[Black "Van der Hagen, Loek"]
[Result "1/2-1/2"]
[WhiteElo "2476"]
[BlackElo "2079"]
[EventDate "2022.10.15"]
[PlyCount "103"]

1.Nf3 Nf6 2.c4 g6 3.b3 Bg7 4.Bb2 O-O 5.g3 c6 6.Bg2 d5 7.O-O a5 8.Nc3 Ne4 
9.d4 Nxc3 10.Bxc3 a4 11.cxd5 axb3 12.Qxb3 cxd5 13.Ne5 e6 14.Rfc1 Nc6 15.
Nxc6 bxc6 16.e3 Re8 17.Bb4 Qb6 18.Qc3 Ra4 19.a3 Bd7 20.Bf3 e5 21.Qc5 Qxc5 
22.dxc5 Rb8 23.Bd1 Ra7 24.Kf1 Kf8 25.Ke1 h5 26.Kd2 Bf5 27.Bc2 Bxc2 28.Kxc2
e4 29.Rab1 Ke7 30.Rb3 Rb5 31.h3 Ke6 32.g4 hxg4 33.hxg4 f5 34.gxf5+ Kxf5 
35.Kd2 Bf8 36.Rbb1 Rab7 37.Ra1 Bg7 38.Bc3 Bf8 39.Bd4 Ra5 40.Ke2 Rba7 41.
Rc3 Rb5 42.Kf1 Kg4 43.Kg2 Be7 44.Ra2 Ra4 45.Rcc2 Bd8 46.Rcb2 Rxb2 47.Bxb2 
Kf5 48.Bd4 Kg4 49.Ra1 Bh4 50.Ra2 Bd8 51.Bc3 Rc4 52.Bd4 1/2-1/2

[Event "25th Hoogeveen op"]
[Site "Hoogeveen NED"]
[Date "2022.10.16"]
[Round "2.9"]
[White "Ismail, Tamer"]
[Black "De Winter, Arthur"]
[Result "0-1"]
[WhiteElo "2018"]
[BlackElo "2390"]
[EventDate "2022.10.15"]
[PlyCount "80"]

1.d4 Nf6 2.c4 g6 3.Nc3 Bg7 4.e4 d6 5.Be2 O-O 6.Nf3 Nbd7 7.O-O e5 8.Be3 Qe7
9.Qc2 c6 10.d5 c5 11.Ne1 Nb6 12.b4 cxb4 13.Nb5 Bd7 14.c5 Bxb5 15.Bxb5 Rac8
16.Rc1 Ng4 17.c6 Nxe3 18.fxe3 Bh6 19.Rf3 bxc6 20.Bxc6 f5 21.Rb1 f4 22.exf4
Rxf4 23.Rxf4 Bxf4 24.Qe2 a5 25.a3 bxa3 26.Kh1 Rb8 27.Qa2 Nd7 28.Rxb8+ Nxb8
29.Qxa3 Bd2 30.Nf3 Bb4 31.Qd3 Qc7 32.Qb5 h6 33.h4 Bc5 34.Nxe5 a4 35.Nxg6 
a3 36.h5 Qa7 37.Qf1 Bf2 38.Qa1 Qd4 39.Qb1 Qb2 40.Qd1 a2 0-1

[Event "25th Hoogeveen op"]
[Site "Hoogeveen NED"]
[Date "2022.10.16"]
[Round "2.10"]
[White "Klaren, Oscar"]
[Black "Maatman, Nick"]
[Result "0-1"]
[WhiteElo "2003"]
[BlackElo "2341"]
[EventDate "2022.10.15"]
[PlyCount "66"]

1.e4 c6 2.Nc3 d5 3.Nf3 dxe4 4.Nxe4 Nf6 5.Qe2 Nxe4 6.Qxe4 Nd7 7.Bc4 Nf6 8.
Ne5 e6 9.Qe2 b5 10.Bb3 Qc7 11.d4 Bd6 12.O-O O-O 13.Bf4 a5 14.a4 Ba6 15.c4 
bxc4 16.Bxc4 Bxc4 17.Qxc4 Rab8 18.Qe2 Rb4 19.Rfd1 Qb7 20.Rd2 Bb8 21.Bg3 
Rc8 22.h3 Nd5 23.Ra3 Ba7 24.Nf3 Rd8 25.Qd1 h6 26.Ne5 Ne7 27.Rad3 Nf5 28.
Nf3 Rxb2 29.Rxb2 Qxb2 30.Bc7 Rd5 31.Rb3 Qa2 32.Rb7 Bxd4 33.Rb8+ Kh7 0-1

[Event "25th Hoogeveen op"]
[Site "Hoogeveen NED"]
[Date "2022.10.16"]
[Round "2.11"]
[White "Ashwath, R."]
[Black "Markus, John Raymond"]
[Result "1-0"]
[WhiteElo "2340"]
[BlackElo "2059"]
[EventDate "2022.10.15"]
[PlyCount "75"]

1.d4 d6 2.Nf3 g6 3.c4 Bg7 4.Nc3 e5 5.g3 exd4 6.Nxd4 Ne7 7.Bg2 O-O 8.h4 
Nbc6 9.Nxc6 bxc6 10.Qd2 Be6 11.b3 d5 12.cxd5 Nxd5 13.Bb2 Nb4 14.Qc1 Bf5 
15.O-O Rb8 16.Na4 Bxb2 17.Qxb2 Qe7 18.Rac1 Bd7 19.Nc5 Rb5 20.Qd4 Bc8 21.a3
Rd8 22.Qc4 Nd5 23.Rfd1 Nb6 24.Rxd8+ Qxd8 25.Qc3 Nd5 26.Qd3 Qd6 27.b4 a5 
28.Ne4 Qe6 29.Ng5 Qd6 30.a4 Rxb4 31.Nxf7 Kxf7 32.Rxc6 Qxc6 33.Bxd5+ Qxd5 
34.Qxd5+ Be6 35.Qxa5 Rb1+ 36.Kg2 Rc1 37.Qe5 Rc4 38.a5 1-0

[Event "25th Hoogeveen op"]
[Site "Hoogeveen NED"]
[Date "2022.10.16"]
[Round "2.12"]
[White "Mensing, Adrian"]
[Black "Elgersma, Onno"]
[Result "0-1"]
[WhiteElo "2000"]
[BlackElo "2309"]
[EventDate "2022.10.15"]
[PlyCount "76"]

1.d4 Nf6 2.c4 e6 3.g3 d5 4.Bg2 Bb4+ 5.Nd2 O-O 6.Nf3 b6 7.O-O Bb7 8.cxd5 
exd5 9.a3 Be7 10.b4 Nbd7 11.Rb1 a5 12.b5 a4 13.Qc2 Re8 14.Ne5 Nxe5 15.dxe5
Nd7 16.Nf3 Bc5 17.Qf5 Qe7 18.Ng5 Nf8 19.Rd1 h6 20.Nf3 Bxa3 21.Bf4 Ne6 22.
Qg4 Nxf4 23.gxf4 Bc5 24.f5 a3 25.f6 Qf8 26.Nh4 Rxe5 27.Nf5 g6 28.Nh4 a2 
29.Ra1 Rg5 30.Qd7 Qd6 31.Qxd6 Bxd6 32.Rd2 d4 33.Raxa2 Rxa2 34.Rxa2 Bxg2 
35.Nxg2 Rxb5 36.Ra8+ Kh7 37.f4 Rf5 38.Ra4 Rxf6 0-1

[Event "25th Hoogeveen op"]
[Site "Hoogeveen NED"]
[Date "2022.10.16"]
[Round "2.13"]
[White "De Boer, Eelke"]
[Black "Van Houwelingen, Leo"]
[Result "1-0"]
[WhiteElo "2295"]
[BlackElo "2003"]
[EventDate "2022.10.15"]
[PlyCount "57"]

1.e4 d6 2.d4 Nf6 3.Nc3 g6 4.Be3 a6 5.Qd2 b5 6.f3 Nbd7 7.O-O-O Bb7 8.Kb1 
Nb6 9.Bd3 Nfd7 10.h4 Bg7 11.h5 Rg8 12.d5 Ne5 13.Bd4 c5 14.dxc6 Bxc6 15.
hxg6 hxg6 16.f4 Nec4 17.Bxc4 Nxc4 18.Qf2 Bxd4 19.Qxd4 Qb6 20.Nf3 O-O-O 21.
b3 e5 22.Qxb6 Nxb6 23.fxe5 b4 24.Nd5 Bxd5 25.exd5 dxe5 26.Nxe5 Nxd5 27.Kb2
f6 28.Nc6 Rd7 29.Rxd5 1-0